Formas básicas de la angustia: estudio de psicología profunda.

Bibliographic Details
Main Author: Riemann, Fritz
Format: Libro
Language:English
Published: Barcelona, España Herder 1996
Edition:2a.ed.
Online Access:

MARC

LEADER 00000cam a2200000 a 4500
001 001581
003 UAHC_CL
005 20170803115744.0
008 020104b xx j 000 1 eng
020 |a 8425407125 
040 |a UAHC_CL  |c UAHC_CL  |d UAHC_CL 
100 1 |a Riemann, Fritz 
245 1 0 |a Formas básicas de la angustia: estudio de psicología profunda. 
250 |a 2a.ed. 
260 |b Herder  |c 1996  |a Barcelona, España 
300 |a 241 p. 
900 |a 152.46 RIE 
942 |c BK 
952 |0 0  |1 0  |4 0  |6 152_460000000000000_RIE  |7 0  |8 General  |9 3615  |a BC  |b BC  |c General  |d 2017-08-03  |l 0  |o 152.46 RIE  |p 1304008  |r 2026-01-07 00:00:00  |t 1  |w 2017-08-03  |y BK 
999 |c 1581  |d 1581